| 000 | 07567namaa22004331i 4500 | ||
|---|---|---|---|
| 003 | OSt | ||
| 005 | 20260520140300.0 | ||
| 008 | 250827s2025 ua a|||frm||| 000 0 eng d | ||
| 040 |
_aEG-GICUC _bara _cEG-GICUC _dEG-GICUC _erda |
||
| 041 | 0 |
_aara _bara _beng |
|
| 049 | _aإيداع | ||
| 082 | 0 | 4 | _a658.576 |
| 092 |
_a658.576 _221 |
||
| 097 | _aدكتوراه | ||
| 099 | _aCai01.18.06.Ph.D.2025.مح.أ | ||
| 100 | 0 |
_a،محمد عطية شحاته عبدالمطلب _eإعداد. |
|
| 245 | 1 | 0 |
_aأثر تطبيق منهجيات التحسين على أداء منظومة سلاسل الإمداد في المنظمات الصناعية / _cإعداد محمد عطية شحاته عبدالمطلب؛ إشراف أ.د.السيد أحمد الشربينى، أ.د.محمد فهمى على. |
| 246 | 1 | 5 | _aThe effect of applying improvement methodologies on the chain of participation chains in industrial organizations / |
| 264 | 0 | _c2025. | |
| 300 |
_a141 ورقة : _bإيضاحيات ؛ _c30 سم. + _eCD. |
||
| 336 |
_atext _2rda content |
||
| 337 |
_aUnmediated _2rdamedia |
||
| 338 |
_avolume _2rdacarrier |
||
| 502 | _aأطروحة (دكتوراه)-جامعة القاهرة، 2025. | ||
| 504 | _aببليوجرافيا: صفحات 128-131. | ||
| 520 | _aيعتبر التنفيذ الأمثل لتطبيق منهجيات التحسين على المنشآت الصناعية بمثابة صمام الأمان لأى منشأة صناعية والذى يضمن بدوره استمرارية المنشأة فى تحقيق معدلات أعلى للربحية عن طريق التقليل المستمر فى التكلفة مع ضمان جودة المنتج المطلوبة للعميل. ويعتبر لهذا التطبيق أهمية قصوى حيث أن عدم الاهتمام به يؤدى الى فشل المنشأة الصناعية مع عدم الاستمرارية ومن هنا جاءت أهمية هذه الرسالة. يتمثل الهدف من هذه الدراسة الميدانية فى " أثر تطبيق منهجيات التحسين على أداء منظومة سلاسل الإمداد في المنظمات الصناعية " ولتحقيق الهدف قام الباحث بوضع مجموعة من الفروض وتم اختبار مدى صحتها، حيث قام الباحث بإعداد قائمة استقصاء وذلك بالاعتماد على المقاييس المستخدمة فى الدراسات السابقة لقياس كل بعد من أبعاد الدراسة.وقد اعتمد الباحث في الحصول على البيانات اللازمة للدراسة الميدانية لمجتمع الدراسة على منهجية الحصر الشامل واستخدم قائمة الاستقصاء وقد قام بإعداد القائمة في شكل عبارات وإستفسارات يُمكن من خلالها دراسة وتحليل الردود عليها لتحقيق أهداف الدراسة وإختبار فروضها، وقد بلغ حجم العينة n= 106 من أصل المجتمع البالغ (N= 130 ) وقد تم توزيع عدد (130) استمارة استقصاء على مفردات المجتمع. وبعد تجميع استمارات الاستقصاء ومراجعتها، قام الباحث بترميز عبارات الاستقصاء داخل كل بعد من أبعاد الدراسة وإعطاء الوزن الترجيحي طبقًا لمقياس ليكرت المتدرج الخماسي.نظراً لوجود العديد من القيود التي تمنع الوصول إلى مجتمع الدراسة بأكمله ومنها كبر حجم مجتمع الدراسة والوقت والتكلفة لذا اعتمد الباحث في هذه الدراسة على أسلوب العينات لجمع البيانات الأولية واعتمد الباحث على أسلوب العينة العشوائية الطبقية.يتمثل مجتمع الدراسة الذي حدده الباحث بالتطبيق على العاملين بالمشروعات الصناعية الذين يمتلكون المعرفة الكافية فيما يتعلق بموضوع البحث, قام الباحث بتفريغ الردود على الأسئلة بجداول البيانات وتم تحليلها واستخلاص النتائج من خلال تطبيق بعض الاساليب الاحصائية الواردة بحزمة البرامج الاحصائية للعلوم الاجتماعية المعروفة اختصارا باسم (SPSS). | ||
| 520 | _aOptimal implementation of improvement methodologies in industrial facilities is a safety path for any industrial facility, ensuring the facility's continued success in achieving higher profitability rates through continuous cost reduction while ensuring the customer's desired product quality. This application is of utmost importance, as failure to do so can lead to the failure of the industrial facility and its lack of sustainability, hence the importance of this thesis.The objective of this field study is " The effect of applying improvement methodologies on the chain of participation chains in industrial organizations." To achieve the objective, the researcher developed a set of studies and tested their validity. The researcher prepared a survey list based on the criteria used in previous studies to measure each of the dimensions of the study.In obtaining the data needed for the field study of the study community, the researcher relied on a comprehensive inventory method and used the survey list. The list was prepared in the form of expressions and inquiries, through which responses to the survey could be studied and analysed to achieve the study objectives and to test the fees. The sample (n=106), of the adult population (N=130), was distributed to the community. After the survey forms were compiled and reviewed, the researcher encoded the survey phrases within each dimension of the study and gave weight to a five-step lker scale.In view of the many constraints preventing access to the entire school community, including the large size, time and cost of the study community, the researcher relied on the sampling method to collect primary data and the researcher relied on the random class sample method.The study community identified by the researcher is the application to those working in national mega-projects who has sufficient knowledge of the subject matter of research. The researcher unpacked the answers to the questions with the data tables and analyzed them and drew conclusions by applying some of the statistical methods contained in the social science statistical software package known as SPSS. | ||
| 530 | _aصدر أيضًا كقرص مدمج. | ||
| 546 | _aالنص بالعربية والملخص باللغة الإنجليزية والعربية. | ||
| 650 | 7 |
_aجودة الانتاج _2qrmak |
|
| 650 | 7 | _aإدارة الانتاج | |
| 653 | 0 |
_aکایزن _aالمقارنة المرجعية _aنظام معلومات العملاء |
|
| 700 | 0 |
_aالسيد أحمد الشربينى _eمشرف أطروحة. |
|
| 700 | 0 |
_aمحمد فهمى على _eمشرف أطروحة. |
|
| 900 |
_b05-05-2025 _cالسيد أحمد الشربينى _cمحمد فهمى على _Uجامعة القاهرة _Fكلية الدراسات العليا للبحوث الإحصائية _Dقسم سلسلة الإمداد وإدارة العمليات |
||
| 905 |
_aSara _eAfaf |
||
| 942 |
_2ddc _cTH _e21 _n0 |
||
| 999 | _c180024 | ||